Top 100 Biggest Cities in Countries that Start with G - Statistics

General Stats
  • This quiz has been taken 297 times
  • The average score is 44 of 100
Answers on the Map
Answers color-coded by a green-red scale on the quiz's map according to % correct below.
 
Answer Stats
Country City Population % Correct
Germany Berlin 3,644,826
97%
Greece Athens 664,046
95%
Guatemala Guatemala City 923,392
95%
Germany Munich 1,471,508
94%
Germany Hamburg 1,841,179
93%
Georgia Tbilisi 1,140,700
92%
Ghana Accra 2,070,463
91%
Germany Frankfurt 753,056
91%
Germany Cologne 1,085,664
90%
Germany Dusseldorf 619,294
88%
Germany Stuttgart 634,830
88%
Greece Thessaloniki 315,196
87%
Germany Dresden 554,649
85%
Germany Nuremberg 518,365
83%
Guinea Conakry 1,660,973
81%
Germany Hanover 538,068
81%
Germany Leipzig 587,857
81%
Germany Bremen 569,352
80%
Germany Essen 583,109
80%
Germany Dortmund 587,010
79%
Guinea-Bissau Bissau 387,909
77%
Gabon Libreville 703,940
77%
Germany Bonn 327,258
75%
Germany Mannheim 309,370
69%
Germany Aachen 247,380
68%
Germany Kiel 247,548
68%
Greece Heraklion 140,730
67%
Germany Bielefeld 333,786
62%
Germany Duisburg 498,590
60%
Germany Augsburg 295,135
59%
Ghana Kumasi 2,035,064
58%
Germany Potsdam 178,089
56%
Germany Saarbrücken 180,741
55%
Germany Freiburg im Breisgau 230,241
54%
Germany Lübeck 217,198
54%
Germany Rostock 208,886
53%
Germany Wuppertal 354,382
53%
Germany Mainz 217,118
52%
Germany Münster 314,319
52%
Germany Bochum 364,628
50%
Germany Karlsruhe 313,092
50%
Germany Magdeburg 238,697
49%
Germany Ulm 126,329
49%
Germany Heidelberg 160,355
48%
Germany Mönchengladbach 261,454
45%
Germany Chemnitz 247,235
44%
Greece Patras 167,446
44%
Germany Brunswick 248,292
41%
Germany Erfurt 213,699
41%
Germany Wiesbaden 278,342
41%
Germany Gelsenkirchen 260,654
40%
Germany Halle 239,257
40%
Greece Larissa 144,651
40%
Germany Leverkusen 163,838
40%
Georgia Batumi 166,000
39%
Germany Ingolstadt 136,981
39%
Germany Kassel 201,585
39%
Germany Regensburg 152,610
38%
Germany Darmstadt 159,207
34%
Germany Oldenburg 168,210
34%
Germany Osnabrück 164,748
33%
Germany Würzburg 127,880
29%
Germany Fürth 127,748
27%
Germany Hamm 179,111
27%
Germany Krefeld 227,020
27%
Germany Oberhausen 210,829
26%
Germany Paderborn 150,580
26%
Germany Offenbach 128,744
25%
Germany Ludwigshafen 171,061
23%
Germany Hagen 188,814
21%
Georgia Kutaisi 138,200
20%
Germany Neuss 153,796
20%
Germany Solingen 159,360
20%
Ghana Tamale 371,351
20%
Germany Herne 156,374
19%
Gabon Port-Gentil 136,462
18%
Guatemala Quetzaltenango 180,706
18%
Germany Mülheim 170,880
17%
Ghana Sekondi-Takoradi 539,548
16%
Guatemala Mixco 463,019
15%
Ghana Cape Coast 169,894
14%
Guatemala San Juan Sacatepéquez 155,965
14%
Guinea Kankan 190,722
13%
Guinea Nzérékoré 195,027
13%
Georgia Rustavi 128,300
11%
Greece Peristeri 139,981
10%
Ghana Tema 139,784
10%
Guatemala Villa Nueva 426,316
10%
Guatemala Cobán 212,047
9%
Guinea Kindia 138,695
9%
Guinea Dubréka 157,017
7%
Guatemala Escuintla 156,313
7%
Guatemala Jalapa 159,840
7%
Ghana Obuasi 143,644
7%
Greece Pireas 163,688
7%
Guinea Siguiri 127,492
6%
Guatemala Jutiapa 145,880
5%
Guinea Manéah 167,354
5%
Guatemala San Miguel Petapa 129,124
5%
Ghana Ashaiman 190,972
4%
No matching quizzes found
Score Distribution
Percent of People with Each Score
Percentile by Number Answered
Your Score History
You have not taken this quiz